<?xml version="1.0" encoding="UTF-8"?>
<record
    xmlns:xsi="http://www.w3.org/2001/XMLSchema-instance"
    xsi:schemaLocation="http://www.loc.gov/MARC21/slim http://www.loc.gov/standards/marcxml/schema/MARC21slim.xsd"
    xmlns="http://www.loc.gov/MARC21/slim">

  <leader>00385nam a22001697a 4500</leader>
  <controlfield tag="003">OSt</controlfield>
  <controlfield tag="005">20240316121358.0</controlfield>
  <controlfield tag="008">171030b        xxu||||| |||| 00| 0 eng d</controlfield>
  <datafield tag="020" ind1=" " ind2=" ">
    <subfield code="a">NA</subfield>
  </datafield>
  <datafield tag="040" ind1=" " ind2=" ">
    <subfield code="c">SEROSOFT</subfield>
  </datafield>
  <datafield tag="100" ind1=" " ind2=" ">
    <subfield code="a">PANT,DR.DEEPAK</subfield>
  </datafield>
  <datafield tag="245" ind1=" " ind2=" ">
    <subfield code="a">HOUSEHOLD AND APPLIED CHEMISTRY</subfield>
  </datafield>
  <datafield tag="250" ind1=" " ind2=" ">
    <subfield code="a">2ND</subfield>
  </datafield>
  <datafield tag="260" ind1=" " ind2=" ">
    <subfield code="a">AGRA</subfield>
    <subfield code="b">STAR PUBLICATION</subfield>
    <subfield code="c">2016</subfield>
  </datafield>
  <datafield tag="300" ind1=" " ind2=" ">
    <subfield code="a">200</subfield>
  </datafield>
  <datafield tag="942" ind1=" " ind2=" ">
    <subfield code="2">ddc</subfield>
    <subfield code="c">01</subfield>
  </datafield>
  <datafield tag="999" ind1=" " ind2=" ">
    <subfield code="c">40810</subfield>
    <subfield code="d">40810</subfield>
  </datafield>
  <datafield tag="952" ind1=" " ind2=" ">
    <subfield code="0">0</subfield>
    <subfield code="1">0</subfield>
    <subfield code="2">ddc</subfield>
    <subfield code="4">0</subfield>
    <subfield code="7">0</subfield>
    <subfield code="a">01</subfield>
    <subfield code="b">01</subfield>
    <subfield code="d">2017-10-28</subfield>
    <subfield code="e">BANSAL BOOK DISTRIBUTOR</subfield>
    <subfield code="f">HOME SCIEN</subfield>
    <subfield code="g">100.00</subfield>
    <subfield code="i">5944</subfield>
    <subfield code="o">541.38 PAN</subfield>
    <subfield code="p">01-B-125485</subfield>
    <subfield code="r">2017-10-30</subfield>
    <subfield code="u">Chemistry</subfield>
    <subfield code="w">2017-10-30</subfield>
    <subfield code="y">02</subfield>
  </datafield>
  <datafield tag="952" ind1=" " ind2=" ">
    <subfield code="0">0</subfield>
    <subfield code="1">0</subfield>
    <subfield code="2">ddc</subfield>
    <subfield code="4">0</subfield>
    <subfield code="7">0</subfield>
    <subfield code="a">01</subfield>
    <subfield code="b">01</subfield>
    <subfield code="d">2017-10-28</subfield>
    <subfield code="e">BANSAL BOOK DISTRIBUTOR</subfield>
    <subfield code="f">HOME SCIEN</subfield>
    <subfield code="g">100.00</subfield>
    <subfield code="i">5944</subfield>
    <subfield code="o">541.38 PAN</subfield>
    <subfield code="p">01-B-125486</subfield>
    <subfield code="r">2017-10-30</subfield>
    <subfield code="u">Chemistry</subfield>
    <subfield code="w">2017-10-30</subfield>
    <subfield code="y">02</subfield>
  </datafield>
  <datafield tag="952" ind1=" " ind2=" ">
    <subfield code="0">0</subfield>
    <subfield code="1">0</subfield>
    <subfield code="2">ddc</subfield>
    <subfield code="4">0</subfield>
    <subfield code="7">0</subfield>
    <subfield code="a">01</subfield>
    <subfield code="b">01</subfield>
    <subfield code="d">2017-10-28</subfield>
    <subfield code="e">BANSAL BOOK DISTRIBUTOR</subfield>
    <subfield code="f">HOME SCIEN</subfield>
    <subfield code="g">100.00</subfield>
    <subfield code="i">5944</subfield>
    <subfield code="o">541.38 PAN</subfield>
    <subfield code="p">01-B-125487</subfield>
    <subfield code="r">2017-10-30</subfield>
    <subfield code="u">Chemistry</subfield>
    <subfield code="w">2017-10-30</subfield>
    <subfield code="y">02</subfield>
  </datafield>
  <datafield tag="952" ind1=" " ind2=" ">
    <subfield code="0">0</subfield>
    <subfield code="1">0</subfield>
    <subfield code="2">ddc</subfield>
    <subfield code="4">0</subfield>
    <subfield code="7">0</subfield>
    <subfield code="a">01</subfield>
    <subfield code="b">01</subfield>
    <subfield code="d">2017-10-28</subfield>
    <subfield code="e">BANSAL BOOK DISTRIBUTOR</subfield>
    <subfield code="f">HOME SCIEN</subfield>
    <subfield code="g">100.00</subfield>
    <subfield code="i">5944</subfield>
    <subfield code="o">541.38 PAN</subfield>
    <subfield code="p">01-B-125488</subfield>
    <subfield code="r">2017-10-30</subfield>
    <subfield code="u">Chemistry</subfield>
    <subfield code="w">2017-10-30</subfield>
    <subfield code="y">02</subfield>
  </datafield>
  <datafield tag="952" ind1=" " ind2=" ">
    <subfield code="0">0</subfield>
    <subfield code="1">0</subfield>
    <subfield code="2">ddc</subfield>
    <subfield code="4">0</subfield>
    <subfield code="7">0</subfield>
    <subfield code="a">01</subfield>
    <subfield code="b">01</subfield>
    <subfield code="d">2017-10-28</subfield>
    <subfield code="e">BANSAL BOOK DISTRIBUTOR</subfield>
    <subfield code="f">HOME SCIEN</subfield>
    <subfield code="g">100.00</subfield>
    <subfield code="i">5944</subfield>
    <subfield code="o">R</subfield>
    <subfield code="p">01-B-125489</subfield>
    <subfield code="r">2017-10-30</subfield>
    <subfield code="u">Chemistry</subfield>
    <subfield code="w">2017-10-30</subfield>
    <subfield code="y">06</subfield>
  </datafield>
</record>
